| 000 | 00565nam a2200181 i 4500 | ||
|---|---|---|---|
| 001 | 78653 | ||
| 003 | ES-MaACL | ||
| 005 | 20250518063239.0 | ||
| 007 | t| | ||
| 008 | 041015s1935 fr ||||1| fre d | ||
| 100 | 1 |
_aHalévy, Ludovic, _d1834-1908 _9240505 |
|
| 245 | 1 | 0 |
_aCarnets / _cLudovic Halévy ; publiés avec une introduction et des notes par Daniel Halévy. |
| 260 |
_aParis : _b[s.n.], _c1935 ( _fBrodard et Taupin) |
||
| 300 |
_a2 v. ; _c19 cm. |
||
| 700 | 1 |
_aHalévy, Daniel. _961534 |
|
| 852 |
_aES-MaACL _jA-3742-43 |
||
| 999 |
_c78653 _d78653 |
||